00550nam a2200193Ia 4500003000900000008004100009020001800050040001600068080001500084100002000099245009000119260003100209300001600240490002500256650002000281650001900301650002400320650001200344IN-BaIIA211028s9999 xx 000 0 eng d a0-86311-313-3 cIIA Library a53.01bVEN aVenkataraman, G 0aBose and his statisticscG. Venkataraman  aLondonbSangam Booksc1992 avii, 123 p. aVignettes in Physics abose statistics aNASA Thesaurus anature of phenomena aphysics